00750 2200253 4500001002100000005001700021008004100038020002200079035002500101040001200126082002000138084002000158090002000178100002500198245010500223250001000328260003500338300002900373504001700402650002500419700001900444850001200463990002100475INLIS00000000000297120150401093819.0  a978-602-255-376-2 a0010-041500000000038 aYOPDYOG aDEP 371.3 And P aDEP 371.3 And P aDEP 371.3 And P aANDI PRASTOWO, 1985- aPengembangan bahan ajar tematik : Panduan lengkap aplikatif/cAndi Prastowo ; editor, Putri Erine N. acet.1 aYogyakarta:bDiva Press,c2013 a451 hlm.:bilus.;c20 cm ahlm. 446-451 aMetodik (Pendidikan) aPutri Erine N. aYOPDYOG aCB-D11 2013-1737